Normal view MARC view
  • SIGNAL PROCESSING-MATHEMATICS DISTRIBUTION-PROBABILITY THEORY

Entry Topical Term

Number of records used in: 1

001 - CONTROL NUMBER

  • control field: 76892

003 - CONTROL NUMBER IDENTIFIER

  • control field: NUST

005 - DATE AND TIME OF LATEST TRANSACTION

  • control field: 20210628205735.0

008 - FIXED-LENGTH DATA ELEMENTS

  • fixed length control field: 210628|| aca||aabn | a|a d

040 ## - CATALOGING SOURCE

  • Original cataloging agency: NUST
  • Transcribing agency: NUST

150 ## - HEADING--TOPICAL TERM

  • Topical term or geographic name entry element: SIGNAL PROCESSING-MATHEMATICS DISTRIBUTION-PROBABILITY THEORY

670 ## - SOURCE DATA FOUND

  • Source citation: Work cat.: (NUST): Shao, Min Nikias, Chrysostomas.L 76891, Signal processing with aplha-stable distributions and applications, 1995
© 2023 Central Library, National University of Sciences and Technology. All Rights Reserved.